000 01106nam a2200253Ia 4500
999 _c36458
_d36458
001 2373
003 GE_BSU
005 20190531153429.0
008 181216s2011||||ge |||||||||||||| ||geo||
020 _a9789941035494
040 _cGE_BSU
041 _ageo
080 _a343.163+343.132 ა–13
100 _aაბაშიძე, გ.
_91910
245 _aპროკურორი–გამოძიების საპროცესო ხელმძღვანელი /
_cგივი აბაშიძე ; რედ. ნიკოლოზ გაბრიჩიძე.
264 _aთბილისი :
_bგეორგიკა,
_c2011.
300 _a177 გვ. ;
_b20 სმ.
504 _aბიბლიოგრ. ტექსტ. შენიშვნ. და გვ. 175-179.
520 _aრეზ. ინგლ. და რუს.
653 _aპროკურორი
653 _aგამოძიების წარმოება
700 _aგაბრიჩიძე, ნიკოლოზ
_eრედაქტორი
_91911
942 _cBK
_2udc